[Event "Lower Saxony-ch"]
[Site "Verden an der Aller"]
[Date "2025.01.05"]
[Round "7"]
[White "Stelmaszyk, Nico"]
[Black "Meiwes, Thore"]
[Result "1/2-1/2"]
[WhiteElo "2397"]
[BlackElo "2120"]
[PlyCount "94"]
[EventDate "2025.01.02"]
[EventType "swiss"]
[EventRounds "7"]
[EventCountry "GER"]
[SourceTitle "CB02_2025"]
[SourceDate "2025.01.08"]
[SourceVersion "1"]
[SourceVersionDate "2025.01.08"]
[SourceQuality "1"]

1. e4 c5 2. Nf3 Nc6 3. Bb5 d6 4. 0-0 Bd7 5. Re1 Nf6 6. c3 a6 7. Bc4 e6 8. d4 b5 9. Bf1 cxd4 10. cxd4 d5 11. e5 Ne4 12. Nbd2 Nxd2 13. Bxd2 Qb6 14. Be3 Bb4 15. Re2 h6 16. Rc2 Be7 17. h4 a5 18. h5 a4 19. Ne1 a3 20. b3 Nb4 21. Rd2 Rg8 22. Rc1 Bc6 23. Qf3 Bb7 24. Nd3 Nxd3 25. Bxd3 Rc8 26. Rdc2 Rxc2 27. Rxc2 Bc6 28. Qg4 Kf8 29. f4 Bd7 30. f5 Rh8 31. Qf3 Bg5 32. Bxg5 hxg5 33. Rc5 Qa5 34. Qe2 Qb4 35. Qf2 Rxh5 36. fxe6 Bxe6 37. g3 g4 38. Qe3 g6 39. Bxb5 Bf5 40. Qc3 Qxc3 41. Rxc3 Be4 42. Rc8+ Kg7 43. Rc7 Rh1+ 44. Kf2 Kf8 45. Rc8+ Kg7 46. Rc7 Kf8 47. Rc8+ Kg7 1/2-1/2

[Event "Lower Saxony-ch"]
[Site "Verden an der Aller"]
[Date "2025.01.03"]
[Round "4"]
[White "Knuedel, Torben"]
[Black "Stelmaszyk, Nico"]
[Result "1-0"]
[WhiteElo "2303"]
[BlackElo "2397"]
[PlyCount "81"]
[EventDate "2025.01.02"]
[EventType "swiss"]
[EventRounds "7"]
[EventCountry "GER"]
[SourceTitle "CB02_2025"]
[SourceDate "2025.01.08"]
[SourceVersion "1"]
[SourceVersionDate "2025.01.08"]
[SourceQuality "1"]

1. e4 c5 2. Nf3 Nc6 3. Nc3 Nf6 4. d4 cxd4 5. Nxd4 e5 6. Ndb5 d6 7. a4 a6 8. Na3 Be7 9. Bg5 0-0 10. Bxf6 Bxf6 11. Nd5 Be6 12. Bc4 Bg5 13. 0-0 Kh8 14. c3 f5 15. Nb6 Qxb6 16. Bxe6 fxe4 17. Nc4 Qd8 18. Qxd6 Rf6 19. Qxd8+ Rxd8 20. Bg4 b5 21. axb5 axb5 22. Ne3 h5 23. Bxh5 Rd2 24. Ng4 Rfd6 25. Be8 Nd8 26. Rae1 e3 27. fxe3 Rxb2 28. Nxe5 Bf6 29. Ng6+ Kg8 30. Rd1 Nb7 31. e4 Rxd1 32. Rxd1 Bxc3 33. h4 b4 34. Rd7 Nc5 35. Bf7+ Kh7 36. Rd8 Rb1+ 37. Kh2 Be5+ 38. Nxe5 g5 39. hxg5 b3 40. g6+ Kg7 41. Ng4 1-0

[Event "Lower Saxony-ch"]
[Site "Verden an der Aller"]
[Date "2025.01.03"]
[Round "3"]
[White "Stelmaszyk, Nico"]
[Black "Giorgadze, Giorgi2"]
[Result "1/2-1/2"]
[WhiteElo "2397"]
[BlackElo "2273"]
[PlyCount "95"]
[EventDate "2025.01.02"]
[EventType "swiss"]
[EventRounds "7"]
[EventCountry "GER"]
[SourceTitle "CB02_2025"]
[SourceDate "2025.01.08"]
[SourceVersion "1"]
[SourceVersionDate "2025.01.08"]
[SourceQuality "1"]

1. e4 e6 2. d4 d5 3. Nc3 dxe4 4. Nxe4 Nd7 5. Nf3 Ngf6 6. Nxf6+ Nxf6 7. Be3 Be7 8. Bd3 0-0 9. Qe2 b6 10. 0-0-0 Bb7 11. h4 Qc8 12. Ne5 Rd8 13. Rh3 c5 14. dxc5 Rd5 15. c6 Bxc6 16. f4 Qc7 17. g4 Nd7 18. Nxc6 Qxc6 19. Re1 Rd6 20. Bd2 Nc5 21. Bb5 Qb7 22. b4 Nd7 23. Ba6 Qc7 24. Rc3 Qd8 25. a3 Nf6 26. g5 Nd5 27. Rd3 Nc7 28. Bc4 a5 29. Bc3 Rxd3 30. Qxd3 Qxd3 31. cxd3 axb4 32. axb4 b5 33. Bb3 Na6 34. Re4 g6 35. Kb2 Rd8 36. Bc2 Nc7 37. Kb3 Nd5 38. Bd2 Ra8 39. Kb2 Bf8 40. Bb3 Bg7+ 41. d4 Ne7 42. Bc3 Rc8 43. Re1 Rd8 44. d5 Nxd5 45. Bxd5 Rxd5 46. Bxg7 Kxg7 47. Re5 Kf8 48. Rxd5 1/2-1/2

[Event "Uelzen Uhlenkoeper op"]
[Site "Uelzen"]
[Date "2024.12.30"]
[Round "7"]
[White "Stelmaszyk, Nico"]
[Black "Bogomolow, Sergej"]
[Result "1-0"]
[WhiteElo "2403"]
[BlackElo "2090"]
[PlyCount "73"]
[EventDate "2024.12.27"]
[EventType "swiss"]
[EventRounds "9"]
[EventCountry "GER"]
[SourceTitle "CB01_2025"]
[SourceDate "2025.01.01"]
[SourceVersion "1"]
[SourceVersionDate "2025.01.01"]
[SourceQuality "1"]

1. e4 e5 2. Nf3 Nc6 3. Bc4 Nf6 4. d3 h6 5. 0-0 d6 6. c3 g6 7. a4 Bg7 8. a5 a6 9. Qb3 0-0 10. Re1 Nh5 11. Be3 g5 12. Qd1 g4 13. Nfd2 Kh7 14. f3 g3 15. hxg3 Nxg3 16. Nf1 Qh4 17. Nbd2 f5 18. Nxg3 Qxg3 19. Nf1 Qg6 20. exf5 Bxf5 21. Bf2 Rae8 22. Ng3 Bd7 23. d4 Kh8 24. Bd3 Qg5 25. Bc2 Ne7 26. dxe5 Bxe5 27. Rxe5 dxe5 28. Qxd7 Rd8 29. Qxc7 Rg8 30. Re1 Rd2 31. Rxe5 Qxg3 32. Bxg3 Rxg3 33. Re2 Rxe2 34. Qxg3 Rxc2 35. Qe5+ Kg8 36. Qxe7 Rxb2 37. f4 1-0

[Event "Uelzen Uhlenkoeper op"]
[Site "Uelzen"]
[Date "2024.12.28"]
[Round "3"]
[White "Stelmaszyk, Nico"]
[Black "Weigand, Anton"]
[Result "1/2-1/2"]
[WhiteElo "2403"]
[BlackElo "2092"]
[PlyCount "84"]
[EventDate "2024.12.27"]
[EventType "swiss"]
[EventRounds "9"]
[EventCountry "GER"]
[SourceTitle "CB01_2025"]
[SourceDate "2025.01.01"]
[SourceVersion "1"]
[SourceVersionDate "2025.01.01"]
[SourceQuality "1"]

1. d4 d5 2. c4 e6 3. Nf3 Nf6 4. g3 Bb4+ 5. Bd2 Bxd2+ 6. Qxd2 0-0 7. Bg2 Nbd7 8. 0-0 c6 9. Ne5 Nxe5 10. dxe5 Nd7 11. f4 f6 12. exf6 Qxf6 13. e4 Nb6 14. e5 Qe7 15. Na3 dxc4 16. Rfd1 Bd7 17. Rac1 Rfd8 18. Nxc4 Nxc4 19. Rxc4 Be8 20. Rd4 Qc5 21. Be4 Rd7 22. Qf2 Rad8 23. Rd6 Rxd6 24. exd6 Qb4 25. Rd4 Qc5 26. b4 Qb6 27. Kg2 c5 28. bxc5 Qxc5 29. Qd2 Bc6 30. Bxc6 Qxc6+ 31. Kh3 Rd7 32. Qb4 b6 33. Rd2 Qc5 34. Qd4 Qxd4 35. Rxd4 Kf7 36. g4 Ke8 37. Kh4 Rd8 38. Kg5 Kd7 39. h4 Rc8 40. h5 Rc5+ 41. f5 exf5 42. gxf5 Rc2 1/2-1/2

[Event "Berlin Radtke Memorial"]
[Site "Berlin"]
[Date "2024.10.24"]
[Round "5"]
[White "Koniahli, Malek"]
[Black "Stelmaszyk, Nico"]
[Result "1/2-1/2"]
[WhiteElo "2290"]
[BlackElo "2369"]
[PlyCount "48"]
[EventDate "2024.10.21"]
[EventType "swiss"]
[EventRounds "9"]
[EventCountry "GER"]
[SourceTitle "CB44_2024"]
[Source "Chessbase"]
[SourceDate "2024.10.30"]
[SourceVersion "1"]
[SourceVersionDate "2024.10.30"]
[SourceQuality "1"]

1. d4 Nf6 2. c4 e6 3. Nc3 d5 4. cxd5 exd5 5. Bg5 c6 6. e3 h6 7. Bh4 Bf5 8. Qf3 Bh7 9. Bxf6 Qxf6 10. Qxf6 gxf6 11. 0-0-0 Rg8 12. g3 a5 13. h4 a4 14. Bd3 Bxd3 15. Rxd3 f5 16. h5 Nd7 17. Nf3 Nf6 18. a3 Bd6 19. Kc2 Ne4 20. Rh2 Be7 21. Rd1 Bf6 22. Ne1 Nxc3 23. bxc3 Be7 24. Kb2 Bd6 1/2-1/2

[Event "Berlin Radtke Memorial"]
[Site "Berlin"]
[Date "2024.10.23"]
[Round "4"]
[White "Stelmaszyk, Nico"]
[Black "Kanov, Nikola"]
[Result "1-0"]
[WhiteElo "2369"]
[BlackElo "2424"]
[PlyCount "65"]
[EventDate "2024.10.21"]
[EventType "swiss"]
[EventRounds "9"]
[EventCountry "GER"]
[SourceTitle "CB44_2024"]
[Source "Chessbase"]
[SourceDate "2024.10.30"]
[SourceVersion "1"]
[SourceVersionDate "2024.10.30"]
[SourceQuality "1"]

1. e4 g6 2. d4 Bg7 3. Nc3 d6 4. Be3 a6 5. h4 h5 6. Nh3 Bxh3 7. Rxh3 Nd7 8. Qe2 c5 9. 0-0-0 Rc8 10. f4 cxd4 11. Bxd4 e5 12. Be3 exf4 13. Bxf4 Ne5 14. Nd5 Ne7 15. Bg5 Nxd5 16. Bxd8 Nf4 17. Qe1 Nxh3 18. Rxd6 Nf4 19. Bg5 Ne6 20. Rxe6+ fxe6 21. Qb4 Rc7 22. Qd6 Rd7 23. Qxe6+ Kf8 24. Bc4 Nxc4 25. Qxd7 Bxb2+ 26. Kd1 b5 27. Qc8+ Kf7 28. Qb7+ Kg8 29. Qxa6 Bg7 30. Qxg6 Ne5 31. Qf5 b4 32. g3 Rh7 33. Qe6+ 1-0

[Event "Dortmund Sparkassen op-A 51st"]
[Site "Dortmund"]
[Date "2024.08.15"]
[Round "6"]
[White "Stelmaszyk, Nico"]
[Black "Sabirov, Rafael"]
[Result "1-0"]
[WhiteElo "2380"]
[BlackElo "2123"]
[PlyCount "79"]
[EventDate "2024.08.10"]
[EventType "swiss"]
[EventRounds "9"]
[EventCountry "GER"]
[SourceTitle "CBM 221 Extra"]
[Source "ChessBase"]
[SourceDate "2024.09.30"]
[SourceVersion "1"]
[SourceVersionDate "2024.09.30"]
[SourceQuality "1"]

1. e4 c5 2. Nf3 e6 3. c3 Nf6 4. e5 Nd5 5. Bc4 d6 6. d4 cxd4 7. cxd4 Be7 8. 0-0 0-0 9. Qe2 Bd7 10. Nc3 Nxc3 11. bxc3 Bc6 12. exd6 Bxd6 13. Ne5 Bxe5 14. Qxe5 Nd7 15. Qg3 Nf6 16. Bh6 Nh5 17. Qg4 Qf6 18. Qxh5 Qxh6 19. Qxh6 gxh6 20. Be2 Rac8 21. Rfc1 Rfd8 22. f4 Rc7 23. Kf2 Rdc8 24. Ke3 Kf8 25. g3 Bd5 26. Kd2 Be4 27. a4 b6 28. a5 Rb8 29. axb6 Rxb6 30. Bd3 Bxd3 31. Kxd3 Rb2 32. Rc2 Rb3 33. Ra4 Ke7 34. Rc4 Rcb7 35. Rc5 Kf6 36. f5 R7b5 37. fxe6 Kxe6 38. Rc6+ Ke7 39. Rc7+ Ke6 40. Re2+ 1-0

[Event "Dortmund Sparkassen op-A 51st"]
[Site "Dortmund"]
[Date "2024.08.14"]
[Round "5"]
[White "Gluma, Christian"]
[Black "Stelmaszyk, Nico"]
[Result "1/2-1/2"]
[WhiteElo "2091"]
[BlackElo "2380"]
[PlyCount "81"]
[EventDate "2024.08.10"]
[EventType "swiss"]
[EventRounds "9"]
[EventCountry "GER"]
[SourceTitle "CBM 221 Extra"]
[Source "ChessBase"]
[SourceDate "2024.09.30"]
[SourceVersion "1"]
[SourceVersionDate "2024.09.30"]
[SourceQuality "1"]

1. e4 e5 2. Nf3 Nc6 3. Bc4 Bc5 4. c3 Nf6 5. d3 0-0 6. 0-0 d5 7. exd5 Nxd5 8. a4 a5 9. Re1 Bg4 10. Nbd2 Nb6 11. Bb5 Bd6 12. Ne4 Na7 13. h3 Bh5 14. Ng3 Bg6 15. d4 Nxb5 16. axb5 exd4 17. Nxd4 Qf6 18. Qg4 h6 19. h4 Rfe8 20. Bxh6 gxh6 21. h5 Qf4 22. Rxe8+ Rxe8 23. Qxf4 Bxf4 24. hxg6 fxg6 25. Nge2 Bd6 26. Rxa5 Nc4 27. Ra2 Kf7 28. b3 Ne5 29. Kf1 h5 30. Nc2 Ng4 31. f3 Ne5 32. Ra4 g5 33. f4 gxf4 34. Nxf4 Nd7 35. Nxh5 Re5 36. g4 Rxb5 37. Nd4 Rc5 38. Ne2 Rb5 39. Nd4 Rc5 40. Ne2 Rb5 41. Nd4 1/2-1/2

[Event "Dortmund Sparkassen op-A 51st"]
[Site "Dortmund"]
[Date "2024.08.12"]
[Round "3"]
[White "Beisteiner, Joachim"]
[Black "Stelmaszyk, Nico"]
[Result "0-1"]
[WhiteElo "2089"]
[BlackElo "2380"]
[PlyCount "88"]
[EventDate "2024.08.10"]
[EventType "swiss"]
[EventRounds "9"]
[EventCountry "GER"]
[SourceTitle "CBM 221 Extra"]
[Source "ChessBase"]
[SourceDate "2024.09.30"]
[SourceVersion "1"]
[SourceVersionDate "2024.09.30"]
[SourceQuality "1"]

1. e4 c5 2. Nf3 Nc6 3. Bb5 e5 4. 0-0 Bd6 5. c3 a6 6. Ba4 b5 7. Bc2 Nge7 8. d4 cxd4 9. cxd4 Nxd4 10. Nxd4 exd4 11. Nd2 Nc6 12. f4 Bc5 13. Kh1 d6 14. a4 Bb7 15. Qh5 Qe7 16. axb5 axb5 17. Rxa8+ Bxa8 18. Bd3 0-0 19. e5 g6 20. Qh6 Nxe5 21. fxe5 dxe5 22. Ne4 f5 23. Nxc5 Qxc5 24. Qd2 b4 25. Qe2 Bd5 26. Bh6 Rc8 27. Bxf5 gxf5 28. Qh5 Qc6 29. Kg1 Qg6 30. Qh3 Rc2 31. Rf2 Rxf2 32. Kxf2 Qg4 33. Qxg4+ fxg4 34. b3 Bxb3 35. Bd2 Kf7 36. Bxb4 Ke6 37. h3 gxh3 38. gxh3 Kd5 39. Kg3 Bd1 40. Ba5 Ke4 41. Kf2 Kd3 42. h4 e4 43. Bb6 e3+ 44. Ke1 Bh5 0-1

[Event "Karlsruhe Grenke op"]
[Site "Karlsruhe"]
[Date "2024.03.30"]
[Round "5"]
[White "Stelmaszyk, Nico"]
[Black "Hebbinghaus, Holger"]
[Result "1-0"]
[WhiteElo "2347"]
[BlackElo "2181"]
[PlyCount "165"]
[EventDate "2024.03.28"]
[EventType "swiss"]
[EventRounds "9"]
[EventCountry "GER"]
[SourceTitle "EXT 2025"]
[Source "ChessBase"]
[SourceDate "2024.10.14"]
[SourceVersion "1"]
[SourceVersionDate "2024.10.14"]
[SourceQuality "1"]

1. e4 c6 2. Nf3 d5 3. Nc3 dxe4 4. Nxe4 Nf6 5. Qe2 Nxe4 6. Qxe4 Nd7 7. Bc4 Nf6 8. Ne5 e6 9. Qf4 Qc7 10. d4 b5 11. Be2 Bb7 12. 0-0 Bd6 13. Qg3 0-0 14. Bh6 Ne8 15. Bf4 Nf6 16. Nd3 Bxf4 17. Qxf4 Qxf4 18. Nxf4 Rfd8 19. Rfd1 g5 20. Nh3 Rd5 21. a4 b4 22. f4 g4 23. Nf2 h5 24. Bc4 Rd6 25. c3 bxc3 26. bxc3 c5 27. dxc5 Rxd1+ 28. Rxd1 Rc8 29. Nd3 Be4 30. Ba6 Rc7 31. Ne5 Rxc5 32. c4 Kg7 33. Bb5 h4 34. g3 h3 35. Kf2 Rc7 36. a5 Bf5 37. Ke3 Ne4 38. Rd4 Nc5 39. a6 f6 40. Nc6 Nxa6 41. Bxa6 Rxc6 42. Rd7+ Kf8 43. Bb5 Rc5 44. Rxa7 e5 45. fxe5 Rxe5+ 46. Kd2 Be6 47. Ra1 Ke7 48. Re1 Kd6 49. Rxe5 fxe5 50. Ke3 Bf5 51. Be8 Be6 52. Bh5 Bf5 53. Bf7 Kc6 54. Bd5+ Kc5 55. Be4 Bd7 56. Bd3 Bc6 57. Be2 Bg2 58. Bxg4 Kxc4 59. Bc8 Kc5 60. g4 Kd6 61. g5 Ke7 62. Bf5 Kf7 63. Kf2 Bd5 64. Kg3 Bc6 65. Kxh3 e4 66. Kg3 e3 67. h4 Kg7 68. Bd3 Be8 69. Kf4 Bg6 70. Kxe3 Be8 71. Kf4 Bh5 72. Bf5 Bf7 73. Kg4 Be8 74. h5 Bf7 75. h6+ Kh8 76. Kf4 Be8 77. Ke5 Bh5 78. Kf6 Bf7 79. Be6 Bg6 80. Bf7 Bd3 81. Bh5 Bc2 82. Bg4 Bd3 83. Bf5 1-0